[Event "Ricany op"]
[Site "Ricany"]
[Date "2023.09.02"]
[Round "9"]
[White "Seidl, Jan1111"]
[Black "Pisar, Tomas"]
[Result "1-0"]
[WhiteElo "2163"]
[BlackElo "1861"]
[PlyCount "87"]
[EventDate "2023.08.26"]
[EventType "swiss"]
[EventRounds "9"]
[EventCountry "CZE"]
[SourceTitle "EXT 2024"]
[Source "ChessBase"]
[SourceDate "2023.10.10"]
[SourceVersion "1"]
[SourceVersionDate "2023.10.10"]
[SourceQuality "1"]

1. d4 Nf6 2. c4 g6 3. Nc3 d5 4. e3 Bg7 5. cxd5 Nxd5 6. Nxd5 Qxd5 7. Ne2 0-0 8. Nc3 Qd8 9. Be2 c5 10. d5 Nd7 11. e4 f5 12. 0-0 Bxc3 13. bxc3 Nf6 14. exf5 Bxf5 15. c4 Qb6 16. Bh6 Rf7 17. Bd3 Ne4 18. Qe2 Nd6 19. Bxf5 Nxf5 20. Bd2 Raf8 21. Bc3 Qd6 22. Rad1 Ng7 23. Be5 Qd7 24. Bc3 Qd6 25. Rd3 Nh5 26. g3 Ng7 27. Re3 a6 28. f4 b5 29. Rd1 bxc4 30. Re6 Qd7 31. Rxa6 g5 32. Be5 Qh3 33. Rf1 Nh5 34. Rf3 Qg4 35. Kh1 c3 36. Bxc3 gxf4 37. Ra4 Qd7 38. Qe5 Ng7 39. Raxf4 Rf6 40. d6 Ne6 41. dxe7 Qd1+ 42. Rf1 Qxf1+ 43. Rxf1 Rxf1+ 44. Kg2 1-0

[Event "Ceske Budejovice op-A"]
[Site "Ceske Budejovice"]
[Date "2023.07.08"]
[Round "8"]
[White "Steiner, Bruno"]
[Black "Pisar, Tomas"]
[Result "1-0"]
[WhiteElo "2041"]
[BlackElo "1749"]
[PlyCount "111"]
[EventDate "2023.07.01"]
[EventType "swiss"]
[EventRounds "9"]
[EventCountry "CZE"]
[SourceTitle "CBM 215 Extra"]
[Source "ChessBase"]
[SourceDate "2023.09.30"]
[SourceVersion "1"]
[SourceVersionDate "2023.09.30"]
[SourceQuality "1"]

1. d4 d5 2. Nf3 Nf6 3. Bf4 c5 4. e3 Nc6 5. Nbd2 Bg4 6. c3 e6 7. Qb3 Qc8 8. h3 Bh5 9. g4 Bg6 10. Nh4 Be7 11. Nxg6 hxg6 12. Bg2 a6 13. Qd1 Nd7 14. Qe2 b5 15. a3 cxd4 16. cxd4 g5 17. Bg3 Nb6 18. b3 Qd7 19. Qd3 Rc8 20. 0-0 Bd6 21. Bxd6 Qxd6 22. Rfc1 0-0 23. b4 Nc4 24. Nb3 Ne7 25. Nc5 Ng6 26. a4 bxa4 27. Qc2 a5 28. Rxa4 axb4 29. Ra6 Qe7 30. Qa4 Nh4 31. Bh1 Rfd8 32. Rb1 Qf6 33. Rxb4 Nf3+ 34. Kg2 Ne1+ 35. Kf1 Nc2 36. Rb7 N2xe3+ 37. Kg1 Qxd4 38. Nxe6 fxe6 39. Raa7 Nc2 40. Qxc2 Nd6 41. Rxg7+ Qxg7 42. Rxg7+ Kxg7 43. Qb2+ Kf7 44. Qe5 Rc1+ 45. Kh2 Rc4 46. Qxg5 Rg8 47. Qe5 Ne4 48. Bxe4 Rxe4 49. Qc7+ Kf6 50. f3 Rc4 51. Qh7 Rg7 52. Qh6+ Rg6 53. Qf8+ Ke5 54. Kg3 Rf6 55. Qb8+ Kd4 56. Qh8 1-0

[Event "Ceske Budejovice op-A"]
[Site "Ceske Budejovice"]
[Date "2023.07.05"]
[Round "5"]
[White "Pisar, Tomas"]
[Black "Kolka, Dawid"]
[Result "0-1"]
[WhiteElo "1749"]
[BlackElo "1938"]
[PlyCount "56"]
[EventDate "2023.07.01"]
[EventType "swiss"]
[EventRounds "9"]
[EventCountry "CZE"]
[SourceTitle "CBM 215 Extra"]
[Source "ChessBase"]
[SourceDate "2023.09.30"]
[SourceVersion "1"]
[SourceVersionDate "2023.09.30"]
[SourceQuality "1"]

1. d4 d5 2. Nf3 Nf6 3. g3 e6 4. Bg2 b5 5. 0-0 Be7 6. Ne5 0-0 7. Nd2 Nfd7 8. Nxd7 Nxd7 9. e4 Bb7 10. c3 a5 11. f4 Kh8 12. e5 c5 13. Nb1 b4 14. g4 f6 15. Kh1 cxd4 16. cxd4 Ba6 17. Rf3 fxe5 18. dxe5 Rc8 19. Nd2 Nc5 20. Nb3 Nxb3 21. axb3 d4 22. Rh3 g6 23. Be4 Qc7 24. Qf3 Qxc1+ 25. Rxc1 Rxc1+ 26. Kg2 Bf1+ 27. Kg3 Bxh3 28. Kxh3 Re1 0-1

[Event "Prague Golden op 18th"]
[Site "Prague"]
[Date "2023.06.25"]
[Round "6.1"]
[White "Pisar, Tomas"]
[Black "Slanec, Jan"]
[Result "1/2-1/2"]
[WhiteElo "1655"]
[BlackElo "1971"]
[PlyCount "96"]
[EventDate "2023.06.25"]
[EventType "team-swiss"]
[EventRounds "9"]
[EventCountry "CZE"]
[SourceTitle "CBM 214 Extra"]
[Source "ChessBase"]
[SourceDate "2023.07.31"]
[SourceVersion "1"]
[SourceVersionDate "2023.07.31"]
[SourceQuality "1"]
[WhiteTeam "Vitezove"]
[BlackTeam "Hostivice"]
[WhiteTeamCountry "CZE"]
[BlackTeamCountry "CZE"]

1. d4 g6 2. c4 Bg7 3. Nf3 d6 4. g3 c6 5. Bg2 Nd7 6. e4 Qc7 7. Nc3 e5 8. d5 Ne7 9. Be3 f5 10. c5 cxd5 11. cxd6 Qxd6 12. exd5 0-0 13. 0-0 a6 14. Bg5 Nf6 15. Nxe5 Qxe5 16. Bf4 Qxf4 17. gxf4 Bd7 18. d6 Nc6 19. Qb3+ Kh8 20. Nd5 Nxd5 21. Bxd5 Nd4 22. Qxb7 Ne2+ 23. Kg2 Nxf4+ 24. Kf3 Nxd5 25. Qxd5 Bxb2 26. Rab1 Rac8 27. Kg3 Bc6 28. Qd2 f4+ 29. Kh3 Bg7 30. f3 Bd7+ 31. Kg2 Bf5 32. Rfc1 Rcd8 33. Rb7 Be5 34. Rcc7 g5 35. Rc6 g4 36. fxg4 f3+ 37. Kf1 Bxg4 38. Qh6 Bf5 39. Rcc7 Bd3+ 40. Kf2 Bd4+ 41. Kg3 Be5+ 42. Kh4 Rf4+ 43. Kh5 Bg6+ 44. Kg5 Rf5+ 45. Kg4 Rf4+ 46. Kg5 Rf5+ 47. Kg4 Rf4+ 48. Kg5 Rf5+ 1/2-1/2

[Event "Ceske Budejovice op-A"]
[Site "Ceske Budejovice"]
[Date "2022.07.05"]
[Round "5"]
[White "Kukacka, Ladislav"]
[Black "Pisar, Tomas"]
[Result "1-0"]
[WhiteElo "1555"]
[BlackElo "1640"]
[PlyCount "41"]
[EventDate "2022.07.01"]
[EventType "swiss"]
[EventRounds "9"]
[EventCountry "CZE"]
[SourceTitle "CBM 209 Extra"]
[Source "ChessBase"]
[SourceDate "2022.09.30"]
[SourceVersion "1"]
[SourceVersionDate "2022.09.30"]
[SourceQuality "1"]

1. Nf3 Nf6 2. c4 g6 3. b4 Bg7 4. Bb2 0-0 5. g3 c6 6. Bg2 d5 7. cxd5 cxd5 8. 0-0 a6 9. d3 Nc6 10. a3 Re8 11. Nbd2 e5 12. Qb3 e4 13. dxe4 Nxe4 14. Bxg7 Kxg7 15. Rad1 Qf6 16. Nxe4 dxe4 17. Nd2 Nd4 18. Qe3 Bg4 19. Nxe4 Nxe2+ 20. Kh1 Rxe4 21. Qxe4 1-0

[Event "CZE-ch U16"]
[Site "Herlikovice"]
[Date "2021.10.28"]
[Round "6"]
[White "Pisar, Tomas"]
[Black "Krelina, Jan1111"]
[Result "1-0"]
[WhiteElo "1615"]
[BlackElo "1523"]
[PlyCount "63"]
[EventDate "2021.10.23"]
[EventType "swiss"]
[EventRounds "9"]
[EventCountry "CZE"]
[SourceTitle "EXT 2023"]
[Source "ChessBase"]
[SourceDate "2022.10.05"]
[SourceVersion "1"]
[SourceVersionDate "2022.10.05"]
[SourceQuality "1"]

1. d4 Nf6 2. Nf3 g6 3. g3 Bg7 4. Bg2 d5 5. 0-0 0-0 6. c4 c6 7. Nc3 Bg4 8. Ne5 Be6 9. b3 Nbd7 10. f4 Nxe5 11. fxe5 Ne8 12. cxd5 cxd5 13. e4 dxe4 14. Nxe4 Bf5 15. Ba3 Nc7 16. Nc5 Nb5 17. Bb2 Bc8 18. Nxb7 Bxb7 19. Bxb7 Rb8 20. Bg2 Qb6 21. Kh1 e6 22. a4 Nc7 23. Ba3 Rfe8 24. Qf3 Na6 25. Qxf7+ Kh8 26. Bd6 Rbd8 27. Qb7 Qxb7 28. Bxb7 Nb8 29. Rf7 Rg8 30. Rc1 Rd7 31. Rxd7 Nxd7 32. Bc8 1-0